Responses for Show #7358 - Wednesday, September 14, 2016

Contestants

[<< previous game]

Barbara Colberg, a Navy judge advocate from Newport, Rhode Island

Scott Bateman, a filmmaker and author from Beacon, New York

Elizabeth Troyer, a pastor from Charlotte, North Carolina (whose 1-day cash winnings total $3,399)

[next game >>]

Jeopardy! Round responses

INTERJECTING IN INTERJECTIONS
ERAS OF HISTORY
THE STARS OF FRIENDS: UPDATE
SOMETHING TO EAT
THE ORGANIZATION'S MISSION
GEOGRAPH"E"
(Alex: Each correct response will begin with the letter E.)
    $200 26
alias

Barbara
    $200 21
the Iron Age

Scott
    $200 1
Jennifer Aniston

Barbara
    $200 6
raw

Scott
    $200 16
Mothers Against Drunk Driving

Barbara
    $200 11
Ecuador

Barbara
    $400 27
draft

Scott
    $400 22
(Elizabeth: What are the 1920s?)

the 1890s

ElizabethScott
    $400 2
Courteney Cox

Elizabeth
    $400 7
Cheez-Its

Elizabeth
    $400 17
Habitat for Humanity

Barbara
    $400 12
the East River

Scott
    $600 28
Ambien

Barbara
    $600 23
1945

Triple Stumper
    $600 3
(David) Schwimmer

Scott
    $600 8
mushrooms

Elizabeth
    $600 18
the Cousteau Society

Barbara
    $600 13
El Paso

Barbara
    $800 29
beam

Barbara
    $800 24
the French Revolution

Scott
    $800 4
(Lisa) Kudrow

Scott
    $800 9
(Elizabeth: What is Healthy Choice?)

Lean Cuisine

ElizabethScott
    $800 19
the Special Olympics

Barbara
    $800 14
Ebro

Triple Stumper
    $1000 30
Drang

Triple Stumper
    $1000 25
(Alex: Yes, with less than a minute to go.)

the Common Era

Barbara
    $1000 5
The Odd Couple

Elizabeth
    $1000 10
a Black Forest cake

Barbara
    $2,000 20
(Alex: And we're done with that category. You did very well in it.)

the Susan G. Komen Foundation

Barbara
    $1000 15
(Barbara: What is Mount Alba?)

Mount Elbrus

Barbara
Triple Stumper

Scores at the first commercial break (after clue 15):

Elizabeth Scott Barbara
$1,600 $2,800 $1,000

Scores at the end of the Jeopardy! Round:

Elizabeth Scott Barbara
$1,200 $4,600 $7,600

Double Jeopardy! Round responses

EXIT THROUGH THE GIFT SHOP
FOLKS OF SCIENCE
LANGUAGES
AWARDS FOR WRITING
"MENTO"S
THE HITMAKER
    $400 1
Idina Menzel

Barbara
    $400 16
Sally Ride

Scott
    $400 11
(Elizabeth: What is Cyrillic?)

the Latin alphabet (or Roman alphabet)

Elizabeth
Triple Stumper
    $400 21
(Scott: It's [*].)
[Scott's time expires.]
(Alex: Did he phrase it?)
(Scott: What is [*]?)
(Alex: Thank you.)

the Nobel Prize in Literature

Scott
    $400 26
Sacramento

Scott
    $400 6
Wham!

Barbara
    $800 2
the University of Florida

Barbara
    $800 17
(Elizabeth: Who is Whitney?)

George Washington Carver

ElizabethBarbara
    $800 12
Afrikaans

Scott
    $800 22
children's writing

Scott
    $800 27
[The end-of-round signal sounds.]

a tormentor

Triple Stumper
    $800 7
Beyoncé

Barbara
    $1200 3
fair trade

Elizabeth
    $1200 18
Archimedes

Triple Stumper
    $1200 13
Navajo

Triple Stumper
    $1200 23
the Cervantes Award

Barbara
    $1200 8
Maroon 5

Barbara
    $1600 4
a Chevy

Triple Stumper
    $1600 19
(Barbara: Who is Jane Goodall?)
...
(Alex: Jane Goodall worked with chimps.)

(Dian) Fossey

ScottBarbara
    $3,000 14
Guatemala

Scott
    $2,400 24
(Alex: And we have about a minute left in the round.)
...
(Alex: Yes! That's right. Scott is nodding in agreement. The writer says, "You got it, girl." Go again.)

the Nebula Award

Barbara
    $1600 9
Bob Dylan

Scott
    $2000 5
(Barbara: What is a DC-10?)
...
(Alex: That two-engine plane was [*]. Workhorse of World War II.)

the DC-3

Barbara
Triple Stumper
    $2000 20
(Robert) Boyle

Scott
    $2000 15
Tundra

Scott
    $2000 25
Robert Frost

Barbara
    $2000 10
Chris Stapleton

Triple Stumper

Scores at the end of the Double Jeopardy! Round:

Elizabeth Scott Barbara
$1,200 $17,600 $14,000

[wagering suggestions for these scores]

Final Jeopardy! Round responses

20th CENTURY SCIENCE TERMS
ElizabethWhat is ?
$1,200
BarbaraWhat is smog?
$11,599
ScottWhat is smog?
$10,401
smog

Final scores:

Elizabeth Scott Barbara
$0 $28,001 $25,599
3rd place: $1,000 New champion: $28,001 2nd place: $2,000

Game dynamics:

Coryat scores:

Elizabeth Scott Barbara
$1,200 $16,200 $12,200
5 R,
4 W
19 R
(including 1 DD),
0 W
22 R
(including 2 DDs),
3 W

Combined Coryat: $29,600

[game clues] [game scores] [suggest correction]

Game tape date: 2016-07-19
The J! Archive is created by fans, for fans. Scraping, republication, monetization, and malicious use prohibited; this site may use cookies and collect identifying information. See terms. The Jeopardy! game show and all elements thereof, including but not limited to copyright and trademark thereto, are the property of Jeopardy Productions, Inc. and are protected under law. This website is not affiliated with, sponsored by, or operated by Jeopardy Productions, Inc. Join the discussion at JBoard.tv.